Tile select: Flags and Shapes of Countries - Statistics

General Stats
  • This quiz has been taken 41 times
  • The average score is 53 of 80
Answer Stats
Question Tile Select % Correct
flags of countries which are landlocked No
93%
flags of countries which are landlocked No
93%
flags of countries which are landlocked No
90%
shapes of countries which are located in North America No
83%
shapes of countries which are located in North America No
83%
flags of countries which are located on islands No
83%
flags of countries which are located on islands No
83%
flags of countries which are located on islands No
83%
shapes of countries whose capital starts with A,B,C or D No
83%
shapes of countries whose capital starts with A,B,C or D No
83%
flags or shapes of countries with a land area over 100,000 sq km No
83%
flags or shapes of countries with a land area over 100,000 sq km No
83%
flags of countries which are landlocked No
80%
shapes of countries which are located in North America No
80%
shapes of countries which are located in North America No
80%
shapes of countries whose capital starts with A,B,C or D No
80%
shapes of countries whose capital starts with A,B,C or D No
80%
flags or shapes of countries with a land area over 100,000 sq km No
80%
flags of countries which are landlocked No
77%
shapes of countries which are located in North America No
77%
shapes of countries which are located in North America No
77%
shapes of countries which are located in North America Yes
77%
flags of countries which are located on islands No
77%
flags of countries which are located on islands No
77%
flags of countries which are located on islands No
77%
shapes of countries whose capital starts with A,B,C or D No
77%
flags or shapes of countries with a land area over 100,000 sq km No
77%
flags or shapes of countries with a land area over 100,000 sq km No
77%
flags or shapes of countries with a land area over 100,000 sq km No
77%
flags or shapes of countries with a land area over 100,000 sq km No
77%
flags of countries which are landlocked No
73%
flags of countries which are landlocked No
73%
flags of countries which are landlocked No
73%
flags of countries which are landlocked Yes
73%
flags of countries which are located on islands No
73%
flags of countries which are located on islands Yes
73%
flags of countries which are located on islands Yes
73%
shapes of countries whose capital starts with A,B,C or D No
73%
flags or shapes of countries with a land area over 100,000 sq km No
73%
flags or shapes of countries with a land area over 100,000 sq km Yes
73%
flags of countries which are landlocked Yes
70%
flags of countries which are located on islands No
70%
flags of countries which are located on islands Yes
70%
flags of countries which are landlocked Yes
67%
flags of countries which are located on islands Yes
67%
shapes of countries whose capital starts with A,B,C or D No
67%
flags of countries which are landlocked Yes
63%
flags of countries which are landlocked Yes
63%
shapes of countries which are located in North America Yes
63%
shapes of countries which are located in North America Yes
63%
shapes of countries which are located in North America Yes
63%
shapes of countries which are located in North America No
63%
shapes of countries whose capital starts with A,B,C or D Yes
63%
shapes of countries whose capital starts with A,B,C or D No
63%
flags of countries which are landlocked Yes
60%
shapes of countries which are located in North America No
60%
flags or shapes of countries with a land area over 100,000 sq km Yes
60%
flags of countries which are located on islands Yes
57%
shapes of countries which are located in North America Yes
53%
flags of countries which are located on islands Yes
53%
flags of countries which are located on islands Yes
53%
flags of countries which are located on islands Yes
53%
flags of countries which are landlocked Yes
50%
shapes of countries whose capital starts with A,B,C or D Yes
50%
flags or shapes of countries with a land area over 100,000 sq km Yes
50%
flags or shapes of countries with a land area over 100,000 sq km Yes
50%
flags of countries which are landlocked Yes
47%
shapes of countries which are located in North America Yes
47%
shapes of countries which are located in North America Yes
47%
shapes of countries whose capital starts with A,B,C or D Yes
47%
flags or shapes of countries with a land area over 100,000 sq km Yes
47%
shapes of countries whose capital starts with A,B,C or D Yes
43%
flags or shapes of countries with a land area over 100,000 sq km Yes
43%
shapes of countries whose capital starts with A,B,C or D Yes
40%
shapes of countries whose capital starts with A,B,C or D Yes
40%
flags or shapes of countries with a land area over 100,000 sq km Yes
40%
shapes of countries which are located in North America Yes
37%
shapes of countries whose capital starts with A,B,C or D Yes
37%
flags or shapes of countries with a land area over 100,000 sq km Yes
37%
shapes of countries whose capital starts with A,B,C or D Yes
27%
No matching quizzes found
Score Distribution
Percent of People with Each Score
Percentile by Number Answered
Your Score History
You have not taken this quiz